| 000 | 00511nam a2200193Ia 4500 | ||
|---|---|---|---|
| 003 | LDD | ||
| 008 | 181029s9999 xx 000 0 und d | ||
| 020 |
_a486639487 _cUS _14.95 |
||
| 040 | _cLDD | ||
| 100 | _aHARRISON, Walter A. | ||
| 245 | 0 |
_aSolid state theory _cWalter A. HARRISON |
|
| 260 |
_aNew York _bDover _c1979 |
||
| 300 | _axviii,554 | ||
| 365 |
_bUS _14.95 |
||
| 901 |
_a534 _b24-10-1996 |
||
| 902 |
_a37380 _b08-11-1996 _cF _dHBA _e53 |
||
| 903 |
_aDiscount-10 _bReqst by : S.R. Jha |
||
| 942 |
_2ddc _cBK |
||
| 999 |
_c53512 _d53512 |
||